Network Theory Analysis And Synthesis (Record no. 298434)

MARC details
000 -LEADER
fixed length control field 00403nam a2200157Ia 4500
008 - FIXED-LENGTH DATA ELEMENTS--GENERAL INFORMATION
fixed length control field 230718s9999 xx 000 0 und d
041 ## - LANGUAGE CODE
Language code of text/sound track or separate title eng
082 ## - DEWEY DECIMAL CLASSIFICATION NUMBER
Classification number 621.319'2
Item number SAT
100 ## - MAIN ENTRY--PERSONAL NAME
Personal name Satyanarayan S.
245 ## - TITLE STATEMENT
Title Network Theory Analysis And Synthesis
260 ## - PUBLICATION, DISTRIBUTION, ETC. (IMPRINT)
Name of publisher, distributor, etc. Technical pub
300 ## - PHYSICAL DESCRIPTION
Extent 482
365 ## - TRADE PRICE
Currency code Rs.
Price amount 165.00
700 ## - ADDED ENTRY--PERSONAL NAME
Personal name Satyanarayan S.
906 ## - LOCAL DATA ELEMENT F, LDF (RLIN)
d B:30420-Feb-1999
c ETC
b 24.75
Holdings
Withdrawn status Lost status Damaged status Not for loan Home library Current library Date acquired Vendor Budget Code Cost, normal purchase price Bill number Full call number Barcode Date last seen Discount Cost, replacement price Bill Date Koha item type Original Barcode
Withdrawn       Cummins College of Engineering for Women Pune Cummins College of Engineering for Women Pune 22/02/1999 Mbs ETC 140.25 304 621.319'2 CCEP-BK-9640 18/07/2023 24.75 165.00 20/02/1999 Books 009640